Представление документа в формате RUSMARC

Поле Инд. ПП Название Значение
Тип записи a
Библиографический уровень m
001 Контрольный номер RU\bookru\bibl\947108
003 Постоянный идентификатор записи https://book.ru/book/947108
005 Дата корректировки 20230322142304.6
010 a ISBN 978-5-406-10368-5
100 a Данные общей обработки 20221010d2023 mk y0rusy50 ca
101 0_ a Язык текста rus
102 a Страна публикации RU
105 a Кодированные данные (монография) y j 000yy
106 a Кодированные данные для формы документа (Обозначение носителя) s
200 1_ a Заглавие Финансовое право
e Сведения, относящиеся к заглавию учебник
f Первые сведения об ответственности Д. Л. Комягин, Е. В. Рябова
g Последующие сведения об ответственности под ред., Комягина Д.Л.
203 a Вид содержания Текст
210 1_ a Место издания Москва
c Издательство КноРус
d Дата издания 2023
215 a Объем 492 с.
225 2_ a Серия Бакалавриат и магистратура
230 a Обозначение и объем ресурса Электрон. дан.
337 a Примечание о системных требованиях (электронные ресурсы) Internet access
606 a Основная рубрика Право. Юридические науки
x Основная подрубрика Финансовое право
2 Код системы local
608 a Жанр/форма Учебник
2 Код системы local
675 a Индекс УДК 347.73(075.8)
z Язык издания rus
700 01 a Фамилия Комягин
b Имя Д. Л.
g Полное личное имя Дмитрий Львович
701 _1 a Фамилия Рябова
b Имя Е. В.
g Полное личное имя Елена Валерьевна
702 _1 g Полное личное имя Комягин Д. Л., ред.
801 _1 a Страна RU
b Организация book_ru
c Дата составления 20221010
g Правила каталогизации RCR
856 4_ u URL https://book.ru/book/947108
a Внешний URL ресурс ЭБС BOOK.ru. Доступ по логину и паролю
901 t Тип документа m
905 a Дата ввода 20221123
952 c Вид литературы учебник